• 首页
  • 本馆介绍
  • 公告通知
  • 最新文献
  • 馆藏检索
  • 电子资源
  • 读者导购
  • 参考咨询
  • 我的图书馆
  • 登录
  • 详细信息显示
  • 放入我的书架
  • 预约/预借图书
  • 作者相关作品
  • 分类相关作品
  • 丛书相关作品
  • 出版社相关作品

书目信息

  • 表格格式
  • 工作单格式
  • 卡片格式
题名:
物联网环境下个人隐私信息保护体系建设研究
    
 
作者: 董新平 , 叶彩鸿 , 蒋怡 著
分册:  
出版信息: 北京   人民出版社  2018
页数: 208页
开本: 24cm
丛书名: 经济与管理新问题新视点丛书
单 册:
中图分类: D913.04 , TP393.083
科图分类:
主题词: 互联网络--hu lian wang luo--个人信息--隐私权--网络安全--数据保护--研究
电子资源:
ISBN: 978-7-01-020002-6
000 01689cam 2200325 450
001 012001001825
005 20131109095809.0
010    @a978-7-01-020002-6@dCNY40.00
099    @aCAL 012019004658
100    @a20190110d2018 em y0chiy50 ea
101 0  @achi
102    @aCN@b110000
105    @aak a 000yy
106    @ar
200 1  @a物联网环境下个人隐私信息保护体系建设研究@Awu lian wang huan jing xia ge ren yin si xin xi bao hu ti xi jian she yan jiu@f董新平, 叶彩鸿, 蒋怡等著
210    @a北京@c人民出版社@d2018
215    @a208页@c图@d24cm
225 2  @a经济与管理新问题新视点丛书@Ajing ji yu guan li xin wen ti xin shi dian cong shu
300    @a浙江省哲学社会科学规划立项资助课题成果
320    @a有书目 (第189-208页)
330    @a本书以信息技术扩散理论和网络心理学为理论基础,从物联网、隐私、个人隐私、个人隐私信息等基本概念分析出发,在明确相关概念和研究范围基础上,首先对美国、欧盟、日本、我国港澳台等典型国家(地区)以及有关国际组织物联网环境下的个人隐私信息保护进行访谈、案例和文献研究,总结典型国家(地区)以及有关国际组织的经验;接着在充分掌握我国物联网环境下个人隐私信息保护现状及现实需求基础上提出我国物联网环境下的个人隐私信息保护体系框架构建思路和核心内容;最后提出我国物联网环境下的个人隐私信息保护三大路径:技术化路径、法制化路径和道德路径。本研究具有突出的理论与现实意义。
410  0 @12001 @a经济与管理新问题新视点丛书
606 0  @a互联网络@Ahu lian wang luo@x个人信息@x隐私权@x网络安全@x数据保护@x研究
690    @aD913.04@v5
690    @aTP393.083@v5
701  0 @a董新平@Adong xin ping@4著
701  0 @a叶彩鸿@Aye cai hong@4著
701  0 @a蒋怡@Ajiang yi@4著
801  0 @aCN@b北京卓展@c20191020
905    @b1199075-8@dD913.04@e875@f4
    
    物联网环境下个人隐私信息保护体系建设研究/董新平, 叶彩鸿, 蒋怡等著.-北京:人民出版社,2018
    208页:图;24cm.-(经济与管理新问题新视点丛书)
    浙江省哲学社会科学规划立项资助课题成果
    
    ISBN 978-7-01-020002-6:CNY40.00
    本书以信息技术扩散理论和网络心理学为理论基础,从物联网、隐私、个人隐私、个人隐私信息等基本概念分析出发,在明确相关概念和研究范围基础上,首先对美国、欧盟、日本、我国港澳台等典型国家(地区)以及有关国际组织物联网环境下的个人隐私信息保护进行访谈、案例和文献研究,总结典型国家(地区)以及有关国际组织的经验;接着在充分掌握我国物联网环境下个人隐私信息保护现状及现实需求基础上提出我国物联网环境下的个人隐私信息保护体系框架构建思路和核心内容;最后提出我国物联网环境下的个人隐私信息保护三大路径:技术化路径、法制化路径和道德路径。本研究具有突出的理论与现实意义。
●
相关链接 在E读中查询图书 在五车中查询图书 在当当中查询图书 在豆瓣中查询图书


正题名:物联网环境下个人隐私信息保护体系建设研究     索取号:D913.04/875         预约/预借

序号 登录号 条形码 馆藏地/架位号 状态 备注
1 1199075   211990755   第一样本阅览室/ [索取号:D913.04/875] 在馆    
2 1199076   211990764   第一借阅区/ [索取号:D913.04/875] 在馆    
3 1199077   211990773   第一借阅区/ [索取号:D913.04/875] 在馆    
4 1199078   211990782   第一借阅区/ [索取号:D913.04/875] 在馆    
唐山师范学院图书馆 欢迎您!
大连网信软件有限公司© 版权所有